| 000 | 00370nam a2200145Ia 4500 | ||
|---|---|---|---|
| 008 | 230312s9999||||xx |||||||||||||| ||und|| | ||
| 020 | _a9781119363026 | ||
| 082 |
_a005.1 _bABR-C |
||
| 100 | _aPayne,Bryson | ||
| 245 | 0 | _aLearn Java the Easy Way Learn Java the Easy Way | |
| 260 |
_bWiley _aUSA _c2017 |
||
| 300 | _a755 | ||
| 650 |
_aComputer _vProgramming |
||
| 942 | _cBK | ||
| 999 |
_c16148 _d16148 |
||